000 00661nam a22002177a 4500
003 UA-OsUOA
001 102947
007 ta
008 20131007b un ||||| |||| 00| 0 ukr d
100 _aЄфименко Т.І.
090 _a330(477)
_bЕ99
942 _cSA
040 _aUA-OsUOA
_bukr
_cUA-OsUOA
_dUA-OsUOA
245 _aАктуальні питання сучасних стратегій реформування податкових систем
300 _aС.7-27
955 _a0
041 _aukr
080 _a330(477)
773 0 _w102946
_tФінанси України
_dК.
_d2013
_g3
650 7 _a330 Економіка взагалі
_2UDC
999 _c389154
_d389154